000 00656nam a2200241Ia 4500
005 20260429112110.0
008 260429s9999||||xx |||||||||||||| ||und||
020 _a9781350439849
041 _aEnglish
082 _a616.89
_bMAL
100 _aMalta, Gina Di
245 0 _aHandbook of person-centred psychotherapy and counselling /
_cGina Di Malta
250 _a3rd ed.
260 _aLondon :
_bBloomsbury Academic,
_c2024.
300 _axxi, 514 p.; pbk
650 _a Couselling
650 _aPsychotherapy
700 _a Cooper, Mick
700 _a Gololob, Yana
700 _a O'Hara, Maureen
700 _a Stephen, Susan
942 _cTB
999 _c52341
_d52341